Rock and Roll Hall of Fame First Year Inductees quiz - Statistics

General Stats
  • This quiz has been taken 1,005 times
    106 since last reset
  • The average score is 25 of 56
Answer Stats
Hint Answer % Correct
1988 The Beatles
93%
1989 The Rolling Stones
83%
1986 Elvis Presley
78%
1995 Led Zeppelin
64%
2014 Nirvana
63%
1988 The Beach Boys
62%
1986 Chuck Berry
61%
1994 Elton John
61%
1990 The Who
59%
1988 Bob Dylan
57%
1986 Buddy Holly
55%
1986 Little Richard
55%
1992 The Jimi Hendrix Experience
55%
1986 Jerry Lee Lewis
54%
1986 James Brown
53%
1993 The Doors
53%
1998 Eagles
51%
2008 Madonna
51%
1999 Bruce Springsteen
49%
2015 Green Day
49%
2012 Guns N' Roses
49%
1995 Janis Joplin
47%
1994 John Lennon
47%
2022 Eminem
46%
2017 Pearl Jam
46%
2002 Tom Petty and the Heartbreakers
46%
2004 Prince
45%
2005 U2
45%
1993 Creedence Clearwater Revival
42%
2021 Foo Fighters
42%
1995 Neil Young
42%
1986 Ray Charles
41%
2003 The Clash
41%
1986 Fats Domino
39%
2021 Jay-Z
39%
1986 Sam Cooke
39%
1990 The Kinks
39%
1990 Simon and Garfunkel
38%
1991 The Byrds
38%
1986 The Everly Brothers
38%
2017 Tupac Shakur
38%
2020 Notorious B.I.G.
37%
2002 The Ramones
36%
1993 Van Morrison
34%
2007 R.E.M.
33%
2009 Run DMC
33%
2003 The Police
30%
1995 The Allman Brothers Band
29%
1994 The Band
26%
2013 Public Enemy
25%
2002 Talking Heads
24%
2003 Elvis Costello and the Attractions
21%
1993 Sly and the Family Stone
17%
2023 Missy Elliott
13%
2005 The Pretenders
12%
1992 Sam and Dave
7%
No matching quizzes found
Score Distribution
Percent of People with Each Score
Percentile by Number Answered
Your Score History
You have not taken this quiz since the last reset